000 00676nam a2200193Ia 4500
003 LDD
008 190117s9999 xx 000 0 und d
020 _a8185127654
_c₹400
040 _cLDD
041 _ahi
082 _a8H3.7 भ656दो
100 _aभल्ला,महेन्द्र
245 0 _aदो देश और तीसरी उदासी
_cमहेन्द्र भल्ला
260 _aबीकानेर
_bवाग्देवी प्रकाशन
_c1997
300 _a456पृ.
901 _aVANI
904 _aReqst by : Parakh, Jawarimal (Dr.)
942 _2ddc
_cH
999 _c165272
_d165272